Herald, Evangelical Baptist Convention Church Mata : (Record no. 7740)

MARC details
000 -LEADER
fixed length control field 00418nam a22001457a 4500
003 - CONTROL NUMBER IDENTIFIER
control field GBCCL
005 - DATE AND TIME OF LATEST TRANSACTION
control field 20241126110635.0
008 - FIXED-LENGTH DATA ELEMENTS--GENERAL INFORMATION
fixed length control field 180914b ||||| |||| 00| 0 eng d
040 ## - CATALOGING SOURCE
Transcribing agency gbc
082 ## - DEWEY DECIMAL CLASSIFICATION NUMBER
Classification number SOU HER
Item number 2004
245 ## - TITLE STATEMENT
Title Herald, Evangelical Baptist Convention Church Mata :
Remainder of title golden jubilee souvenir 1954-2004 /
Statement of responsibility, etc. V Tualzakhup, editor
260 ## - PUBLICATION, DISTRIBUTION, ETC.
Date of publication, distribution, etc. 2004
Place of publication, distribution, etc. Mata :
Name of publisher, distributor, etc. EBCC,
300 ## - PHYSICAL DESCRIPTION
Extent 144pages
942 ## - ADDED ENTRY ELEMENTS (KOHA)
Source of classification or shelving scheme Dewey Decimal Classification
Koha item type Archives
Holdings
Withdrawn status Lost status Source of classification or shelving scheme Damaged status Not for loan Home library Current Library Shelving location Date acquired Total checkouts Full call number Barcode Date last seen Copy number Price effective from Koha item type
    Dewey Decimal Classification     GRACE BIBLE COLLEGE GRACE BIBLE COLLEGE Archives 2018-09-14   SOU HER 2004 250127 2025-05-01 c.1 2018-09-14 Archives
    Dewey Decimal Classification     GRACE BIBLE COLLEGE GRACE BIBLE COLLEGE Archives 2018-09-14   SOU HER 2004 250128 2025-05-01 c.2 2018-09-14 Archives
    Dewey Decimal Classification     GRACE BIBLE COLLEGE GRACE BIBLE COLLEGE Archives 2018-09-14   SOU HER 2004 250129 2025-05-01 c.3 2018-09-14 Archives
    Dewey Decimal Classification     GRACE BIBLE COLLEGE GRACE BIBLE COLLEGE Archives 2022-02-11   SOU HER 2004 250230 2025-05-01 c.4 2022-02-11 Archives
© Grace Bible College Library 2025